|
|
|
|
| LEADER |
01425nam a2200349 a 4500 |
| 001 |
EBC3111424 |
| 003 |
MiAaPQ |
| 005 |
20200520144314.0 |
| 006 |
m o d | |
| 007 |
cr cn||||||||| |
| 008 |
990111s1998 dcu sb 000 0 eng d |
| 010 |
|
|
|z 99163538
|
| 020 |
|
|
|z 084477121X
|
| 035 |
|
|
|a (MiAaPQ)EBC3111424
|
| 035 |
|
|
|a (Au-PeEL)EBL3111424
|
| 035 |
|
|
|a (CaPaEBR)ebr10018817
|
| 035 |
|
|
|a (OCoLC)922978725
|
| 040 |
|
|
|a MiAaPQ
|c MiAaPQ
|d MiAaPQ
|
| 050 |
|
4 |
|a HE7783
|b .H38 1998
|
| 100 |
1 |
|
|a Hausman, Jerry A.
|
| 245 |
1 |
0 |
|a Taxation by telecommunications regulation
|h [electronic resource] :
|b the economics of the e-rate /
|c Jerry Hausman.
|
| 260 |
|
|
|a Washington, D.C. :
|b AEI Press,
|c 1998.
|
| 300 |
|
|
|a xi, 41 p.
|
| 490 |
1 |
|
|a AEI studies in telecommunications deregulation
|
| 504 |
|
|
|a Includes bibliographical references (p. 37-39).
|
| 533 |
|
|
|a Electronic reproduction. Ann Arbor, MI : ProQuest, 2015. Available via World Wide Web. Access may be limited to ProQuest affiliated libraries.
|
| 650 |
|
0 |
|a Telecommunication
|x Taxation
|z United States
|x Mathematical models.
|
| 650 |
|
0 |
|a Telecommunication
|x Rates
|x Law and legislation
|z United States
|x Mathematical models.
|
| 655 |
|
4 |
|a Electronic books.
|
| 710 |
2 |
|
|a ProQuest (Firm)
|
| 830 |
|
0 |
|a AEI studies in telecommunications deregulation.
|
| 856 |
4 |
0 |
|u https://ebookcentral.proquest.com/lib/matrademy/detail.action?docID=3111424
|z Click to View
|